000 00783nam a2200277Ia 4500
003 OSt
005 20220918164316.0
006 a|||||r|||| 00| 0
007 ta
008 220917b |||||||| |||| 00| 0 eng d
020 _a0521419808
024 _a35,523
037 _cTextual
040 _aARTS
_cARTS
_beng
041 _2eng
_aeng
082 _aO122,1M21:g, 111N3
100 _aHolland Eugene W
_918232
245 0 _aBaudelaire and schizoanalysis
_b the sociopoetics of modernism
260 _aCambridge
_bCUP
_c1993
300 _avii,306p.
_ccm.
490 _aCambridge studies in French
500 _aBib 296-302p
650 _aENGLISH LITERATURE
942 _hO122,1M21:g, 111N3
_cTEXL
_2CC
999 _c124167
_d124167